zpět

Detail výsledku týmu

Výčep Horoměřice, Horoměřice

Datum a čas kvízu

20.5 Celkem bodů Celkový počet nahraných bodů na tomto kvízu bez doplňovacích otázek.
4. Pořadí na kvízu Konečné umístění týmu na tomto kvízu.

Zaznamenané odpovědi

# Otázka Odpověď Body Výsledky
1. Portréty prvních dam jsou oblí... o Livii Klausové 0
2. Donald Trump daroval členům sv... boty 0
3. Napište název filmu, který zís... Karavan; Bianca Cristovao 0
4. V rámci oslav 75. výročí od vz... Escherichia coli (E. coli) 0
5. Řízný obránce Radko Gudas dost... Auston Matthews; Toronto (Maple Leafs) 1
6. Nejrozšířenějším „národním spo... D 1
7. Za národní sport lze považovat... národní házená (česká házená) 1
8. Některé země mají svůj národní... lakros 1
9. U uzákoněných národních sportů... polo; basketbal 0.5
10. I medailové úspěchy z olympijs... D 1